Where did I come from? : (Record no. 102624)
[ view plain ]
| 000 -LEADER | |
|---|---|
| fixed length control field | 00513nam a2200145 a 4500 |
| 005 - DATE AND TIME OF LATEST TRANSACTION | |
| control field | 20140412111239.0 |
| 008 - FIXED-LENGTH DATA ELEMENTS--GENERAL INFORMATION | |
| fixed length control field | 010521s19uu xx 00 eng d |
| 050 ## - LIBRARY OF CONGRESS CALL NUMBER | |
| Classification number | M 612 |
| Item number | S18 1974 |
| 100 ## - MAIN ENTRY--PERSONAL NAME | |
| Personal name | Spalding, R. W. |
| 245 ## - TITLE STATEMENT | |
| Title | Where did I come from? : |
| Remainder of title | sex education for your child / |
| Statement of responsibility, etc | by R. W. Spalding, M. D.; illustrated by G.M. Eugenio. |
| 260 ## - PUBLICATION, DISTRIBUTION, ETC. (IMPRINT) | |
| Place of publication, distribution, etc | Manila, Philippines : |
| Name of publisher, distributor, etc | Philippine Publishing House, |
| Date of publication, distribution, etc | 1974. |
| 300 ## - PHYSICAL DESCRIPTION | |
| Extent | 1v. (unp.) ; ill. |
| 650 ## - SUBJECT ADDED ENTRY--TOPICAL TERM | |
| Topical term or geographic name as entry element | Sex education-Juvenile literature |
| Withdrawn status | Lost status | Damaged status | Use restrictions | Home library | Current library | Shelving location | Date acquired | Source of acquisition | Total Checkouts | Full call number | Barcode | Date last seen | Price effective from | Koha item type |
|---|---|---|---|---|---|---|---|---|---|---|---|---|---|---|
| Elizalde Library | Elizalde Library | Main Section | 05/21/2001 | M 612 S18 1974 | E2255 | 04/12/2014 | 04/12/2014 | Books |